Countries of Asia by First 3 Letters - Statistics

General Stats
  • This quiz has been taken 2,921 times
  • The average score is 40 of 48
Answer Stats
No. Answer % Correct
14 India
98%
15 Indonesia
98%
10 China
96%
19 Japan
93%
43 Turkey
92%
44 Turkmenistan
92%
26 Malaysia
91%
27 Maldives
91%
37 South Korea
91%
16 Iran
90%
17 Iraq
90%
30 North Korea
90%
1 Afghanistan
89%
21 Kazakhstan
89%
47 Vietnam
89%
32 Pakistan
88%
18 Israel
86%
31 Oman
86%
42 Thailand
86%
48 Yemen
86%
2 Armenia
85%
24 Laos
85%
3 Azerbaijan
84%
35 Saudi Arabia
84%
46 Uzbekistan
84%
6 Bhutan
83%
9 Cambodia
83%
23 Kyrgyzstan
83%
28 Mongolia
83%
20 Jordan
82%
29 Nepal
82%
5 Bangladesh
81%
33 Philippines
81%
41 Tajikistan
81%
8 Burma (Myanmar)
80%
34 Qatar
80%
4 Bahrain
79%
22 Kuwait
79%
36 Singapore
79%
38 Sri Lanka
78%
40 Taiwan
78%
7 Brunei
77%
13 Georgia
77%
25 Lebanon
77%
39 Syria
77%
45 United Arab Emirates
77%
12 East Timor (Timor-Leste)
74%
11 Cyprus
61%
No matching quizzes found
Score Distribution
Percent of People with Each Score
Percentile by Number Answered
Your Score History
You have not taken this quiz